000 00626nam a2200265Ia 4500
003 IT-RoPAU
005 20220918175739.0
008 120407s9999 xx 000 0 und d
040 _aIT-RoPAU
040 _cIT-RoPAU
041 _aita
100 _aLorenzo Dattrino
_935672
100 _ccur.
_916924
245 _aStoria della Chiesa. Intr. trad. e note di Dattrino Lorenzo
250 _aRoma
260 _aCittà Nuova
260 _c1986
300 _a193 p.
300 _c20,5 cm
490 _aTesti patristici
490 _v54
700 _aRufinus Tyrannius
_935673
942 _cBK
_2ddc
999 _c28044
_d28044